000 00604nam a2200205 4500
001 117376
003 ES-MaACL
005 20231002132753.0
007 t|
008 070302s1977 sp r ||||1| spa d
100 1 _aPeccei, Aurelio.
_989831
245 1 3 _aLa calidad humana /
_cAurelio Peccei ; versión de Joaquín Antuña.
260 _aMadrid :
_btaurus,
_c1977.
300 _a219 p. ;
_c21 cm.
700 1 _aAntuña, Joaquín.
_922004
852 _aES-MaACL
_jA-7600
_9121759
_cSPP1
852 _aES-MaACL
_jA-7602/Ej.1
_bR.96076
_9121761
_cSPP1
942 _2udc
999 _c117376
_d117376